000 00906nam a2200289 a 4500
003 MX-MxUPN
005 20230201063601.0
008 190404s1998 ag r 000 0 spa d
020 _a9505572417
035 _aUPN01000230077
040 _aMX-MxUPN
_bspa
_cMX-MxUPN
041 1 _aspa
_hita
050 1 4 _aB1649 P64
_bD34 1998
100 1 _aDahrendorf, Ralf,
_d1929-2009
_947707
100 1 _aAntiseri, Dario
_941895
240 1 0 _aFilo della ragione.
_lEspañol
245 1 3 _aEl hilo de la razón
250 _aPrimera edición.
260 _aBuenos Aires :
_bFondo de Cultura Económica,
_c1998.
300 _a86 páginas
490 0 _aColección popular ;
_v539
600 1 4 _aPopper, Karl R.
_q(Karl Raimund),
_d1902-1994
_xCrítica e interpretación
_91492
700 1 _aPiro, Guillermo,
_d1960-
_947708
_etraductor
902 _aVíctor Ruiz/310123
942 _2lcc
_cLIBRO
999 _c202172
_d202172